Scooby-Doo (Registo nº 3621)

Detalhes MARC
000 -Etiqueta do registo
Cabeçalho 01140ngm0a2200301 4500
005 - Identificador da versão
Campo de controlo 20240813122006.0
021 ## - Número do Depósito Legal
Código do país PT
071 0# - Número do editor (registos sonoros e música) 
Número do editor 6060/02
100 ## - Dados gerais de processamento
Dados gerais de processamento 20050630d2002 bc y0pory5003 ba
102 ## - Pais de publicação ou produção
País de publicação Portugal
101 0# - Língua de publicação
Língua do texto, banda sonora, etc. Português
Língua do documento no original Inglês
Língua das legendas Português
115 ## - Campo de dados codificados: Projecções Visuais, Filmes e Vídeos
Dados modificados - geral a063bbz zzzz zzxxc
215 ## - Descrição física 
Indicação específica da natureza do documento e extensão da espécie 1 DVD (PAL 2) (83 min.)
Outras indicações físicas col., son.
200 1# - Titulo e menção de responsabilidade
Título próprio Scooby-Doo
Indicação geral da natureza do documento Registo vídeo
Primeira menção de responsabilidade realiz. Raja Gosnell
210 ## - Publicação, Distribuição, etc. 
Lugar da edição, distribuição, etc. PT
Nome do editor, distribuidor, etc. Warner Bros Pictures
Data da publicação, distribuição, etc. 2002
306 ## - Notas relativas a publicação, distribuição, etc. 
Texto da nota Distribuidor cinema: Warner Bros Pictures
305 ## - Notas relativas à edição e história bibliográfica da publicação 
Texto da nota Data de lançamento: 2002
333 ## - Nota relativa aos potenciais utilizadores
Texto da nota Classificação: M6
327 1# - Nota de conteúdo 
Texto da nota Conteúdo: Legendas: português, inglês, alemão, espanhol, hebraico e grego ; Idiomas: inglês, alemão e espanhol ; Extras: cenas inéditas, documentário de bastidores, desafios interactivos para CDROM, reportagem "Making of", video musical, extras escondidos, acesso directo às cenas e muito mais.
606 ## - Nome comum usado como assunto
Número de registo de entrada de autoridade 0002859
Palavra de ordem Filme
Subdivisão de assunto Misto de animação infantil
610 1# - Termos de indexação não controlados
Subject Term DVD cinema
702 #1 - Nome de autor-pessoa física (responsabilidade secundária)
Número de registo de entrada de autoridade 0002860
Palavra de ordem Gosnell
Outra parte do nome não tomada para palavra de ordem Raja
Código de função Diretor / Director teatral / Realizador
942 ## - Elementos de entrada adicionados (Koha)
Tipo de item no Koha Livro
Exemplares
Situação do levantamento Origin of item (home branch) (coded) Biblioteca de empréstimo Código de barras Cota Circulation type (not for loan) Tipo de documento Nota do exemplar Damaged status
  Biblioteca Escolar da Coca Maravilhas Biblioteca Escolar da Coca Maravilhas BECM64d/05 F SCO   DVD Sem mensagem